Chess Terms A-Z - Statistics

General Stats
  • This quiz has been taken 131 times
  • The average score is 15 of 26
Answer Stats
Letter Hint Answer % Correct
B Piece which moves diagonally Bishop
98%
K Put this piece in checkmate to win the game King
86%
C Taking a piece with another, usually by landing on its square Capture
85%
E When the game in its final phase and there are few pieces left on the board Endgame
84%
M Usually short for 'checkmate' Mate
83%
Q Chess piece that can move horizontal, vertical, or diagonally Queen
83%
F Attacking two pieces at once with one move Fork
81%
G Opening where you sacrifice material to gain an advantage Gambit
77%
R Purposely giving up a game Resign
68%
I A pawn that does not have any pawns able to protect it {Isolated} pawn
67%
W Side that moves first in a game White
67%
N Method of recording chess moves Algebraic {notation}
65%
H Leaving a piece unprotected and free to capture Hang
65%
P Tactic when you attack a piece in a way that moving it would expose a more valuable one Pin
59%
L Using two rooks to push the king to the edge of the board and into checkmate {Ladder} mate
56%
U Promoting a pawn to something besides a queen Underpromotion
52%
A Leaving a chess game before you've moved Abort
47%
Z Tactic where any move that one makes will worsen the position Zugzwang
45%
D Moving a piece that opens another piece's line of attack Discovered Attack
44%
S Tactic where you attack a valuable piece, causing it to expose a less valuable one for capture Skewer
42%
T Winning a move by threatening an important piece Tempo
38%
X Indirectly controlling a square (due a piece being in between) X-ray
34%
O Excessive amounts of defense on one piece or square Overprotection
23%
J Announced when touching a piece without the intention to move it J'adoube
22%
V Chess, with a twist Variant
20%
Y Opening variation against the Silician Defense Yugoslav {Attack}
13%
No matching quizzes found
Score Distribution
Percent of People with Each Score
Percentile by Number Answered
Your Score History
You have not taken this quiz